| 000 | 01074nam a22002655i 4500 | ||
|---|---|---|---|
| 001 | 165662 | ||
| 003 | ES-MaACL | ||
| 005 | 20250815062649.0 | ||
| 008 | 990923q1893 sp |||| | spa d | ||
| 080 | _a364-54 | ||
| 100 | 1 |
_aSpencer, Herbert, _d1820-1903 _9107684 |
|
| 245 | 1 | 3 |
_aLa beneficencia / _cpor Herbert Spencer ; traducción del inglés por Miguel de Unamuno. |
| 250 | _aNueva ed. | ||
| 260 |
_aMadrid : _bLa España Moderna, _c[ca. 1893] ( _fImp. de Gabriel L. Horno) |
||
| 300 |
_a206 p. ; _c23 cm. |
||
| 490 | 1 | _aBiblioteca de jurisprudencia, filosofía e historia | |
| 505 | 8 | _aContiene: Primera parte: Beneficencia negativa ; Segunda parte: Beneficencia positiva | |
| 530 | _aDisponible en formato digital. | ||
| 650 | 4 |
_aBeneficencia. _9135682 |
|
| 700 | 1 |
_aUnamuno, Miguel de, _d1864-1936 _9111982 |
|
| 830 | 1 | 0 |
_aBiblioteca de jurisprudencia, filosofía e historia _9180691 |
| 852 |
_aES-MaACL _jF-14809 _z- Enc. pasta |
||
| 856 |
_uhttp://bdh-rd.bne.es/viewer.vm?id=0000203499&page=1 _zBiblioteca Digital Hispánica |
||
| 999 |
_c165662 _d165662 |
||